Normal view
MARC view
- Hijazi, A Q
Entry Personal Name
001 - CONTROL NUMBER
- control field: 19699
003 - CONTROL NUMBER IDENTIFIER
- control field: NUST
005 - DATE AND TIME OF LATEST TRANSACTION
- control field: 20190829072544.0
008 - FIXED-LENGTH DATA ELEMENTS
- fixed length control field: 190829|| aca||aabn | a|a d
040 ## - CATALOGING SOURCE
- Original cataloging agency: NUST
- Transcribing agency: NUST
100 ## - HEADING--PERSONAL NAME
- Personal name: Hijazi, A Q
670 ## - SOURCE DATA FOUND
- Source citation: Work cat.: (NUST): Hijazi, A Q, The Story of the Pakistan Air Force /, 1988.
